Score 0/24 Timer 03:00
0 Plays Today
Clue 5-Letter Answer % Correct
____ and field, athletic sportsTRACK
97.1%
Select with your mouseCLICK
94.2%
Magical illusionTRICK
94.1%
✯ Girls name meaning virtue or elegance (hint: see quiz title) ✯✯ GRACE ✯
91.1%
Ingredients only present in small amountsTRACE
89.8%
Sound of toasting champagne glassesCLINK
88.8%
Centres of planets and applesCORES
87.5%
Watson's DNA researching partnerCRICK
85.5%
Don't Dilly ____!DALLY
85.3%
Fonda, Austen and Tarzan's mateJANES
84.2%
____ in your armourCHINK
75.1%
Foot ailmentsCORNS
74.9%
Clue 5-Letter Answer % Correct
Invents a new term or phraseCOINS
71.9%
Tapered three-dimensional objectsCONES
71.3%
✯ With [Rung 1], Jamaican singer, actress and Bond girl ✯✯ JONES ✯
67.5%
Supposedly humans and elephants are the only animals with theseCHINS
67%
✯ With [Rung 1], the lead-singer of Jefferson Airplane and Starship ✯✯ SLICK ✯
66.5%
Move gracefullySLINK
65.1%
Waldo's international counterpartWALLY
63%
Wellington boot, for shortWELLY
61.2%
✯ With [Rung 1], Hollywood leading lady and Monegasque princess ✯✯ KELLY ✯
60.1%
Tom ____, British Olympic diverDALEY
60%
Inhabitants of Jutland and ZealandDANES
58.5%
Open valleys, particularly in Northern EnglandDALES
56.9%

Today's Daily Dose

Missing Word
I Hardly Know Her!

Word Ladder
Sentence Ending

Quick Pick
Female Firsts

Get the Picture
Triathlon Sports

Remove Ads.
Support Sporcle.
Get the best of Sporcle when you Go Orange. This ad-free experience offers more features, more stats, and more fun while also helping to support Sporcle. Thank you for becoming a member.

You're not logged in!

Compare scores with friends on all Sporcle quizzes.
OR
Log In

Show Comments

Extras

Top Quizzes Today


Score Distribution

Your Account Isn't Verified!

In order to create a playlist on Sporcle, you need to verify the email address you used during registration. Go to your Sporcle Settings to finish the process.

Report this User

Report this user for behavior that violates our Community Guidelines.

Details: